000 00485nam a22001457a 4500
020 _a0-439-83159-8
082 _a823
_bMAS/Z
100 _aMASON, JANE
245 _aZOEY 101
_bPRANKS FOR NOTHING
260 _aUNITED STATES
_bSCHOLASTIC INC
_c2006
300 _a109
520 _aZoey Brooks decides to be one of the first girls to become a student there. Zoey and her friends break down the all-boy barriers at Pacific Coast Academy ...
650 _aNOVEL
_zUNITED STATES
942 _cBK
999 _c2348
_d2348